000 00348 a2200157 4500
001 151041
040 _cEscola São Tomás de Aquino
100 _aBERNARDI, Tati
240 1 0 _aA menina da árvore
_lpor
245 1 0 _aA menina da árvore
300 _a87
362 0 _a2008
440 1 _aModerna
697 _a*LITERATURA INFANTO
942 _cBK
999 _c151041
_d151041